00415nam a2200157 a 45000010005000000030009000050080041000140400028000550820019000831000033001022450033001352600044001683000009002124900012002216500024002331941CO-ViMGA141112s2004 ck r 000 u spa d aCO-ViMGAbspacCO-ViMGA04aCo863.44 C673e1 aCordovez Moure, Jose María10aEl episodio del doctor Russi aSantafé de Bogotá : bNorma, c1996 a67 p aMilenio14aRELATOS COLOMBIANOS